[Event "PRO League Group Stage"]
[Site "chess.com INT"]
[Date "2019.02.28"]
[Round "8"]
[White "Pantsulaia, Levan"]
[Black "Sargsyan, Anna M."]
[Result "0-1"]
[WhiteTitle "GM"]
[BlackTitle "WFM"]
[WhiteElo "2597"]
[BlackElo "2339"]
[WhiteTeam "Tbilisi Gentlemen"]
[BlackTeam "Armenia Eagles"]
[WhiteFideId "13602071"]
[BlackFideId "13308130"]
[EventDate "2019.01.08"]

1. Nf3 d5 2. g3 Bg4 3. Bg2 Nd7 4. d4 Ngf6 5. O-O e6 6. Ne5 Nxe5 7. dxe5 Nd7 8.
c4 c6 9. cxd5 exd5 10. f4 Nc5 11. h3 Bf5 12. Nd2 h5 13. Kh2 Be7 14. Nf3 Be4 15.
Be3 Ne6 16. Qb3 Qd7 17. Rad1 g6 18. h4 Ng7 19. e6 Qxe6 20. Ng5 Bxg5 21. Bxe4
Bxh4 22. Bf3 Bf6 23. Qxb7 O-O 24. Bxa7 Nf5 25. Rc1 Rfc8 26. Bf2 Rab8 27. Qa6
Bxb2 28. Rc2 Bd4 29. Qd3 Bxf2 30. Rxf2 d4 31. Rc5 Qe3 32. Rg2 Rb2 33. a4 Rcb8
34. Rxc6 Rb1 35. Qc4 Kg7 36. Rc7 Nh6 37. f5 Rh8 38. f6+ Kxf6 39. a5 Ng4+ 40. Kh3
Rh1+ 41. Rh2 Rxh2# 0-1

[Event "PRO League Group Stage"]
[Site "chess.com INT"]
[Date "2019.02.28"]
[Round "8"]
[White "Pavlidis, Antonios"]
[Black "Bryakin, Mikhail"]
[Result "1-0"]
[WhiteTitle "GM"]
[BlackTitle "FM"]
[WhiteElo "2533"]
[BlackElo "2426"]
[WhiteTeam "Estonia Horses"]
[BlackTeam "Volga Stormbringers"]
[WhiteFideId "4212312"]
[BlackFideId "4165314"]
[EventDate "2019.01.08"]

1. e4 c6 2. d3 d5 3. Nd2 Nf6 4. e5 Ng8 5. d4 c5 6. dxc5 Nc6 7. Ngf3 Bg4 8. h3
Bxf3 9. Nxf3 e6 10. Be3 Nge7 11. c3 Ng6 12. Bb5 Qc7 13. Qa4 Be7 14. O-O O-O 15.
Bxc6 bxc6 16. Bd4 a5 17. Qc2 Rfb8 18. Rfb1 Qa7 19. b4 axb4 20. cxb4 Qa4 21. Qc3
Nf4 22. Qd2 Ng6 23. Bc3 f6 24. a3 Rd8 25. Bd4 Kf7 26. Re1 Qb3 27. exf6 gxf6 28.
Qh6 Nf8 29. Re3 Qc2 30. Rae1 Qf5 31. Nh2 Qg6 32. Qf4 h5 33. Rg3 Qf5 34. Qd2 Nd7
35. Rf3 Qg6 36. Qe3 e5 37. Bxe5 Re8 38. Qf4 Bf8 39. Bc3 Rxe1+ 40. Bxe1 Re8 41.
Bd2 Re2 42. Qc7 Qb1+ 43. Nf1 Rxd2 44. Qxd7+ Kg6 45. Qe8+ Kg7 46. Rg3+ Kh7 47.
Qf7+ 1-0

[Event "PRO League Group Stage"]
[Site "chess.com INT"]
[Date "2019.02.28"]
[Round "8"]
[White "Ehlvest, Jaan"]
[Black "Korchmar, Vasiliy"]
[Result "1-0"]
[WhiteTitle "GM"]
[BlackTitle "IM"]
[WhiteElo "2521"]
[BlackElo "2424"]
[WhiteTeam "Estonia Horses"]
[BlackTeam "Volga Stormbringers"]
[WhiteFideId "4500016"]
[BlackFideId "24131750"]
[EventDate "2019.01.08"]

1. Nf3 d5 2. g3 g6 3. c4 dxc4 4. Na3 Bg7 5. Nxc4 Nc6 6. Bg2 e5 7. O-O e4 8. Ne1
Be6 9. Ne3 Nf6 10. d3 exd3 11. Nxd3 Qc8 12. Nf4 Bd7 13. Ned5 O-O 14. Nxf6+ Bxf6
15. Nd5 Bg7 16. Bf4 Bh3 17. Rc1 Bxg2 18. Kxg2 Qg4 19. h3 Qh5 20. e4 Qxd1 21.
Rfxd1 Bxb2 22. Rb1 Be5 23. Bxe5 Nxe5 24. Rxb7 c5 25. Rc7 c4 26. f4 Nd3 27. Rd2
Rab8 28. Rxc4 Ne1+ 29. Kf2 Rb1 30. Rc3 Rfb8 31. Re3 1-0

[Event "PRO League Group Stage"]
[Site "chess.com INT"]
[Date "2019.02.28"]
[Round "8"]
[White "Demidov, Mikhail"]
[Black "Ghosh, Diptayan"]
[Result "1/2-1/2"]
[WhiteTitle "IM"]
[BlackTitle "GM"]
[WhiteElo "2520"]
[BlackElo "2544"]
[WhiteTeam "Moscow Phoenix"]
[BlackTeam "Mumbai Movers"]
[WhiteFideId "4197143"]
[BlackFideId "5045207"]
[EventDate "2019.01.08"]

1. d4 Nf6 2. Bg5 d5 3. Nd2 c6 4. Ngf3 Bg4 5. c3 Nbd7 6. Qb3 Qb6 7. e3 e6 8. Be2
Be7 9. h3 Bh5 10. Bf4 O-O 11. O-O Ne4 12. Rfe1 Nxd2 13. Nxd2 Bg6 14. c4 dxc4 15.
Nxc4 Qxb3 16. axb3 Bb4 17. Rec1 a6 18. Nd6 Bxd6 19. Bxd6 Rfd8 20. Bc7 Rdc8 21.
Bh2 f6 22. f3 Bf7 23. Rc3 e5 24. dxe5 Nxe5 25. e4 Rd8 26. Bf4 Rd7 27. Be3 Rad8
28. Kf1 g5 29. Bb6 Re8 30. Be3 Red8 31. Ra5 Kg7 32. Bb6 Re8 33. Be3 h6 34. Ra4
Red8 35. Bb6 Re8 36. Rd4 Rxd4 37. Bxd4 Rd8 38. Be3 Be6 39. Ke1 Ng6 40. b4 Ne5
41. Bb6 Rd7 42. Be3 Rd8 43. Bb6 Rd7 44. Be3 Rd8 45. Bb6 Rd7 1/2-1/2

[Event "PRO League Group Stage"]
[Site "chess.com INT"]
[Date "2019.02.28"]
[Round "8"]
[White "Kryakvin, Dmitry"]
[Black "Puranik, Abhimanyu"]
[Result "0-1"]
[WhiteTitle "GM"]
[BlackTitle "GM"]
[WhiteElo "2588"]
[BlackElo "2536"]
[WhiteTeam "Moscow Phoenix"]
[BlackTeam "Mumbai Movers"]
[WhiteFideId "4153278"]
[BlackFideId "5061245"]
[EventDate "2019.01.08"]

1. d4 Nf6 2. Bg5 c5 3. Bxf6 gxf6 4. d5 f5 5. c4 d6 6. Nc3 Nd7 7. e3 Nf6 8. Qc2
Bg7 9. Bd3 e6 10. Nge2 Bd7 11. O-O Qc7 12. a3 Ng4 13. h3 Ne5 14. Nf4 Bh6 15. Be2
Ng6 16. Nh5 O-O-O 17. b4 f4 18. exf4 Nxf4 19. Nxf4 Bxf4 20. Bf3 Be5 21. dxe6
Bxe6 22. Nb5 Qe7 23. Rab1 a6 24. bxc5 axb5 25. Rxb5 Qf6 26. Qa4 Qf4 27. Qa8+ Kd7
28. Rxb7+ Ke8 29. Bc6+ Kf8 30. Qxd8+ Kg7 31. g3 Qh6 32. Qh4 Qg6 33. Bg2 dxc5 34.
Qe4 Qf6 35. Qf3 Qg6 0-1

[Event "PRO League Group Stage"]
[Site "chess.com INT"]
[Date "2019.02.28"]
[Round "8"]
[White "Sadhwani, Raunak"]
[Black "Tekeyev, Zaur"]
[Result "1-0"]
[WhiteTitle "IM"]
[BlackTitle "FM"]
[WhiteElo "2451"]
[BlackElo "2392"]
[WhiteTeam "Mumbai Movers"]
[BlackTeam "Moscow Phoenix"]
[WhiteFideId "35093487"]
[BlackFideId "4199731"]
[EventDate "2019.01.08"]

1. e4 c5 2. Nc3 Nc6 3. Bb5 Nd4 4. Nf3 a6 5. Bd3 g6 6. Nxd4 cxd4 7. Ne2 Bg7 8. c3
dxc3 9. dxc3 d5 10. O-O Nf6 11. exd5 Qxd5 12. Nf4 Qd6 13. Qe2 O-O 14. Re1 Re8
15. Bc4 Bg4 16. f3 e5 17. Nd3 e4 18. Bf4 exd3 19. Qxe8+ Nxe8 20. Rxe8+ Rxe8 21.
Bxd6 Bf5 22. Rd1 Rd8 23. Bf4 h5 24. a4 Bf8 25. Be3 Bg7 26. a5 Be5 27. Bb6 Rd7
28. g3 g5 29. Kf2 Kg7 30. Ke3 Re7 31. Kd2 Rd7 32. Re1 Kf6 33. Bf2 h4 34. gxh4
Bxh2 35. Bd4+ Kg6 36. hxg5 Bf4+ 37. Be3 Bxe3+ 38. Kxe3 Kxg5 39. Rg1+ Kf6 40. Kd2
Re7 41. Rg2 Ke5 42. Ke3 Kf6+ 43. Kf4 Rd7 44. Rd2 Rd6 45. Ke3 Kg5 46. Bxd3 Re6+
47. Kf2 Rd6 48. Ke2 Re6+ 49. Kd1 Re3 50. Bxf5 Kxf5 51. Rd7 f6 52. Rxb7 Rxf3 53.
Rb6 Rf2 54. b4 Ke4 55. Ke1 Rc2 56. Rxf6 Rxc3 57. Rxa6 Rb3 58. Rb6 Kd3 59. a6 Kc4
60. b5 Ra3 61. Rb7 Kd3 62. a7 Ke3 63. Kd1 Kd3 64. Ke1 Ke3 65. Re7+ Kd3 66. b6
Kd4 67. Re8 1-0

[Event "PRO League Group Stage"]
[Site "chess.com INT"]
[Date "2019.02.28"]
[Round "8"]
[White "Mohammad, Nubairshah Shaikh"]
[Black "Kuznetsov, Mikhail V."]
[Result "1/2-1/2"]
[WhiteTitle "IM"]
[BlackTitle "FM"]
[WhiteElo "2437"]
[BlackElo "2292"]
[WhiteTeam "Mumbai Movers"]
[BlackTeam "Moscow Phoenix"]
[WhiteFideId "5053196"]
[BlackFideId "4194900"]
[EventDate "2019.01.08"]

1. Nf3 Nf6 2. g3 d5 3. Bg2 c6 4. O-O h6 5. c4 dxc4 6. a4 Bf5 7. Na3 e6 8. Nxc4
a5 9. Qb3 Bb4 10. Ne3 Bh7 11. Nc2 Na6 12. Nxb4 Nxb4 13. d3 O-O 14. Be3 Qd5 15.
Qd1 Qd6 16. Rc1 Nd7 17. Qb3 b6 18. Nd2 Rac8 19. Rfd1 Rfd8 20. Nc4 Qb8 21. Bd2
Nc5 22. Qa3 Nca6 23. Bf4 Qa7 24. Ne5 c5 25. Nc4 Rd7 26. Nd6 Rxd6 27. Bxd6 f6 28.
Qb3 Qd7 29. Bf4 Kh8 30. Bh3 Bg8 31. Qc4 Qxa4 32. Bxe6 b5 33. Qe4 Re8 34. b3 Qa2
35. Qg6 Rxe6 36. Bxh6 gxh6 37. Qxh6+ Bh7 38. Qf8+ Bg8 39. Qh6+ Bh7 40. Qf8+ Bg8
41. Qh6+ 1/2-1/2

[Event "PRO League Group Stage"]
[Site "chess.com INT"]
[Date "2019.02.28"]
[Round "8"]
[White "Usmanov, Vasily"]
[Black "Adly, Ahmed"]
[Result "0-1"]
[WhiteTitle "IM"]
[BlackTitle "GM"]
[WhiteElo "2450"]
[BlackElo "2611"]
[WhiteTeam "Moscow Wizards"]
[BlackTeam "Delhi Dynamite"]
[WhiteFideId "4135741"]
[BlackFideId "10601619"]
[EventDate "2019.01.08"]

1. d4 Nf6 2. c4 e6 3. Nc3 d5 4. Bg5 Be7 5. e3 O-O 6. Rc1 h6 7. Bh4 c5 8. dxc5
Na6 9. cxd5 Nxc5 10. d6 Qxd6 11. Qxd6 Bxd6 12. Bxf6 gxf6 13. Nf3 a6 14. b4 Nd7
15. Rb1 Ne5 16. Be2 Bd7 17. Ne4 Be7 18. Nxe5 fxe5 19. O-O Rfc8 20. Nc5 Bc6 21.
Bf3 a5 22. a3 b6 23. Bxc6 Rxc6 24. Nd3 e4 25. Ne5 Rc7 26. bxa5 Rxa5 27. f4 Bc5
28. Rb3 Rxa3 29. Rxa3 Bxa3 30. Rb1 Bc5 31. Kf2 Ra7 32. Nc4 Ra2+ 33. Kg3 Rc2 34.
Nxb6 Bxe3 35. Nd7 Bf2+ 36. Kh3 Kg7 37. Ne5 e3 38. Ng4 f5 39. Nxf2 Rxf2 40. Re1
Rxf4 41. Rxe3 Kf6 42. Kg3 Ra4 43. Rb3 h5 44. Kf3 e5 45. g3 h4 46. Kg2 Kg5 47.
Kh3 Rd4 48. Rb8 hxg3 49. hxg3 e4 50. Rg8+ Kf6 51. Kg2 Rd2+ 52. Kf1 Ra2 53. Re8
Kg5 54. Rg8+ Kh5 55. Ke1 Ra6 56. Kf2 Rg6 57. Rh8+ Kg4 58. Rh4+ Kg5 59. Rh8 Rh6
60. Rg8+ Kf6 61. Ra8 Rh2+ 62. Ke3 Rg2 63. Rg8 Rg1 64. Kf2 Ra1 65. Rf8+ Ke6 66.
Re8+ Kf7 67. Re5 Kf6 68. Re8 Ra2+ 69. Ke3 Ra3+ 70. Kf2 Ra2+ 71. Ke3 Kg5 72. Rg8+
Kh5 73. Kf4 Rf2+ 74. Ke3 Rf1 75. Ke2 Rf3 76. Rg7 Ra3 77. Rg8 Ra6 78. Kf2 Rg6 79.
Rh8+ Kg5 80. Rh7 Rh6 81. Rg7+ Kf6 82. Rg8 Rg6 83. Rf8+ Ke5 84. Re8+ Re6 85. Ra8
Rd6 86. Re8+ Kd4 87. Ke2 Rd5 88. Rf8 Rc5 89. Rd8+ Ke5 90. Re8+ Kd5 91. Rd8+ Ke5
92. Re8+ Kd4 93. Rd8+ Rd5 94. Rf8 Kc3 95. Rc8+ Kb4 96. Rb8+ Kc4 97. Rc8+ Rc5 98.
Rd8 Ra5 99. Rc8+ Kd5 100. Rd8+ Ke6 101. Re8+ Kf7 102. Rb8 Ra2+ 103. Kf1 Kf6 104.
Rf8+ Ke5 105. Kg1 e3 106. Re8+ Kd4 107. Kf1 Rf2+ 108. Ke1 Rg2 109. Kf1 Rxg3 110.
Ke2 Rg2+ 111. Kf3 Rf2+ 112. Kg3 f4+ 113. Kg4 e2 114. Kf5 f3 115. Kf4 Rf1 0-1

[Event "PRO League Group Stage"]
[Site "chess.com INT"]
[Date "2019.02.28"]
[Round "8"]
[White "Savchenko, Boris"]
[Black "Gupta, Abhijeet"]
[Result "1-0"]
[WhiteTitle "GM"]
[BlackTitle "GM"]
[WhiteElo "2562"]
[BlackElo "2581"]
[WhiteTeam "Moscow Wizards"]
[BlackTeam "Delhi Dynamite"]
[WhiteFideId "4147332"]
[BlackFideId "5010608"]
[EventDate "2019.01.08"]

1. e4 c5 2. Nc3 d6 3. d4 cxd4 4. Qxd4 Nc6 5. Bb5 Bd7 6. Bxc6 Bxc6 7. Nf3 Nf6 8.
Bg5 e6 9. O-O-O Be7 10. Rhe1 h6 11. Bxf6 Bxf6 12. Qxd6 Qxd6 13. Rxd6 Bxc3 14.
bxc3 Ke7 15. Rd3 Bb5 16. Rd4 Rhc8 17. Rb4 Ba6 18. Re3 Rc7 19. Nd2 Rac8 20. Kb2
g5 21. e5 Rc5 22. h4 Rd5 23. Nf3 gxh4 24. Rxh4 Bc4 25. Nd4 b5 26. a3 a5 27. g3
Bf1 28. Nb3 Rd1 29. Rd4 Rxd4 30. cxd4 Ra8 31. Rc3 Ra7 32. Rc8 Rd7 33. Nxa5 Bg2
34. Nb3 h5 35. Kc3 Ra7 36. Kb2 Ra4 37. c3 Ra7 38. Nc5 Bf3 39. Nd3 Be4 40. Nf4 f6
41. exf6+ Kxf6 42. Nxh5+ Kg6 43. Nf4+ Kf6 44. Rb8 Rh7 45. Kb3 Rh2 46. c4 bxc4+
47. Kxc4 Bf5 48. Rb2 Rh1 49. a4 Ra1 50. Kb5 e5 51. dxe5+ Kxe5 52. a5 Kd6 53. Kb6
Bc8 54. Nd3 Kd5 55. Nb4+ 1-0

[Event "PRO League Group Stage"]
[Site "chess.com INT"]
[Date "2019.02.28"]
[Round "8"]
[White "Sardana, Rishi"]
[Black "Skvortsov, Andrei"]
[Result "0-1"]
[WhiteTitle "IM"]
[WhiteElo "2398"]
[BlackElo "2128"]
[WhiteTeam "Delhi Dynamite"]
[BlackTeam "Moscow Wizards"]
[WhiteFideId "25004301"]
[BlackFideId "24108600"]
[EventDate "2019.01.08"]

1. e4 c5 2. Nf3 d6 3. Bb5+ Nd7 4. O-O a6 5. Bd3 e5 6. a4 g6 7. Bc4 Bg7 8. d3 h6
9. Nc3 Ne7 10. a5 O-O 11. Ne2 Nc6 12. Bd2 Kh7 13. Ng3 f5 14. exf5 gxf5 15. Nh5
f4 16. Bd5 Nf6 17. Nxf6+ Qxf6 18. c4 Bf5 19. Bc3 Rab8 20. Qe2 Nd4 21. Bxd4 exd4
22. Nd2 Kh8 23. Rab1 Qd8 24. Ra1 Be5 25. Be4 Be6 26. Rfb1 Rg8 27. b4 Qg5 28.
bxc5 Bh3 29. Qf1 f3 30. Bxf3 Qf4 31. Qc1 Rxg2+ 32. Bxg2 Rg8 33. Kf1 Rxg2 0-1

[Event "PRO League Group Stage"]
[Site "chess.com INT"]
[Date "2019.02.28"]
[Round "8"]
[White "Tania, Sachdev"]
[Black "Seliverstov, Vladimir"]
[Result "0-1"]
[WhiteTitle "IM"]
[BlackTitle "IM"]
[WhiteElo "2400"]
[BlackElo "2462"]
[WhiteTeam "Delhi Dynamite"]
[BlackTeam "Moscow Wizards"]
[WhiteFideId "5007844"]
[BlackFideId "4192036"]
[EventDate "2019.01.08"]

1. d4 d5 2. c4 c6 3. Nf3 Nf6 4. Nc3 dxc4 5. a4 Bg4 6. Ne5 Bh5 7. Nxc4 e6 8. g3
Bb4 9. Bg2 Nd5 10. Bd2 Nb6 11. Nxb6 Qxb6 12. Be3 Qa6 13. h3 Nd7 14. g4 Bg6 15.
O-O h5 16. g5 Nb6 17. Ne4 Rd8 18. Qb3 Qc4 19. Qxc4 Nxc4 20. b3 Nxe3 21. fxe3 h4
22. a5 a6 23. Ra4 Be7 24. Nc5 Bxc5 25. dxc5 Rh5 26. Rb4 Rd7 27. Rxb7 Rxb7 28.
Bxc6+ Rd7 29. Rd1 Rxg5+ 30. Kf2 Rd5 31. Rxd5 exd5 32. Kf3 Bf5 33. Kf4 Bxh3 34.
Kg5 Ke7 35. Bxd7 Bxd7 36. Kxh4 Bb5 0-1

[Event "PRO League Group Stage"]
[Site "chess.com INT"]
[Date "2019.02.28"]
[Round "8"]
[White "Ehlvest, Jaan"]
[Black "Oparin, Grigoriy"]
[Result "1/2-1/2"]
[WhiteTitle "GM"]
[BlackTitle "GM"]
[WhiteElo "2521"]
[BlackElo "2613"]
[WhiteTeam "Estonia Horses"]
[BlackTeam "Volga Stormbringers"]
[WhiteFideId "4500016"]
[BlackFideId "24125890"]
[EventDate "2019.01.08"]

1. Nf3 Nf6 2. c4 e6 3. g3 d5 4. Bg2 dxc4 5. Qc2 c5 6. Na3 Nc6 7. Nxc4 Be7 8. O-O
O-O 9. a3 Bd7 10. b3 Rc8 11. Bb2 Nd5 12. Rac1 b6 13. Rfd1 Qc7 14. e4 Nf6 15. e5
Nd5 16. h4 h6 17. Qe4 b5 18. Ne3 Nxe3 19. dxe3 Rfd8 20. Bf1 Na5 21. Nd4 Qb6 22.
Bd3 g6 23. h5 cxd4 24. hxg6 f5 25. exf6 Bxf6 26. g7 Bxg7 27. Bxd4 Bxd4 28. exd4
Rxc1 29. Rxc1 Kf8 30. Qf4+ Ke7 31. Qh4+ Kd6 32. Qf4+ Ke7 33. Rc7 Nxb3 34. Qh4+
Kd6 35. Qf4+ Ke7 36. Qh4+ Kd6 37. Qf4+ Ke7 1/2-1/2

[Event "PRO League Group Stage"]
[Site "chess.com INT"]
[Date "2019.02.28"]
[Round "8"]
[White "Pavlidis, Antonios"]
[Black "Frolyanov, Dmitry"]
[Result "0-1"]
[WhiteTitle "GM"]
[BlackTitle "GM"]
[WhiteElo "2533"]
[BlackElo "2517"]
[WhiteTeam "Estonia Horses"]
[BlackTeam "Volga Stormbringers"]
[WhiteFideId "4212312"]
[BlackFideId "4151976"]
[EventDate "2019.01.08"]

1. Nf3 d5 2. g3 Bg4 3. Bg2 Nd7 4. O-O e5 5. d4 Bxf3 6. exf3 exd4 7. Qxd4 Ngf6 8.
Re1+ Be7 9. Qe3 Nb6 10. b3 Nc8 11. Ba3 Kf8 12. Bb2 Nd6 13. Nd2 h5 14. h4 Nd7 15.
Qxe7+ Qxe7 16. Bxg7+ Kxg7 17. Rxe7 Nf6 18. Rxc7 Rac8 19. Rxc8 Rxc8 20. Rc1 Nb5
21. c4 Nd4 22. Kf1 b5 23. c5 b4 24. Bh3 Rc6 25. f4 Nb5 26. Nf3 Nc3 27. Ne5 Rxc5
28. Nd3 Rb5 29. Nxb4 Nfe4 30. Nc6 Nxa2 31. Ra1 Nec3 32. Nd4 Rb4 33. Ne2 Rxb3 34.
Nxc3 Nxc3 35. Rxa7 Kf6 36. Ra6+ Kg7 37. Bf5 Rb2 38. Rd6 Rd2 39. g4 Nb5 40. Rd7
hxg4 41. Be6 Kf6 42. Bxf7 Nd4 43. h5 Rd1+ 44. Kg2 Nf3 0-1

[Event "PRO League Group Stage"]
[Site "chess.com INT"]
[Date "2019.02.28"]
[Round "8"]
[White "Bryakin, Mikhail"]
[Black "Narva, Mai"]
[Result "1-0"]
[WhiteTitle "FM"]
[BlackTitle "WIM"]
[WhiteElo "2426"]
[BlackElo "2347"]
[WhiteTeam "Volga Stormbringers"]
[BlackTeam "Estonia Horses"]
[WhiteFideId "4165314"]
[BlackFideId "4500512"]
[EventDate "2019.01.08"]

1. d4 Nf6 2. c4 e6 3. g3 d5 4. Bg2 Bb4+ 5. Bd2 Be7 6. Nf3 O-O 7. O-O Nbd7 8. a4
c5 9. dxc5 Nxc5 10. cxd5 exd5 11. Nd4 Bg4 12. Nc3 Rc8 13. h3 Bh5 14. g4 Bg6 15.
Be3 Nce4 16. Nxe4 dxe4 17. Nf5 Bxf5 18. Qxd8 Rfxd8 19. gxf5 a6 20. Rac1 b5 21.
axb5 axb5 22. Rxc8 Rxc8 23. Bd4 Rc2 24. Ra1 h6 25. e3 Bc5 26. Be5 Rc4 27. Bf1
Rb4 28. Ra5 Nd5 29. Rxb5 Rxb5 30. Bxb5 Kf8 31. Bc6 Nb4 32. Bxe4 f6 33. Bc3 Ke7
34. Kg2 Na2 35. Ba5 Kd6 36. Kf3 Nb4 37. Kg4 Ke5 38. f3 Kd6 39. Kh5 Ke7 40. Kg4
Na6 41. Bd2 Bd6 42. f4 Nc5 43. Bc2 Na6 44. Kf3 Bc5 45. Bc3 Nb4 46. Bb3 Nd3 47.
Bc4 Nb4 48. e4 Nc6 49. e5 Bb6 50. Ke4 Bc7 51. Kd5 Na5 52. Bb4+ Kd8 53. Bb5 1-0

[Event "PRO League Group Stage"]
[Site "chess.com INT"]
[Date "2019.02.28"]
[Round "8"]
[White "Korchmar, Vasiliy"]
[Black "Burg, Twan"]
[Result "1/2-1/2"]
[WhiteTitle "IM"]
[BlackTitle "GM"]
[WhiteElo "2424"]
[BlackElo "2514"]
[WhiteTeam "Volga Stormbringers"]
[BlackTeam "Estonia Horses"]
[WhiteFideId "24131750"]
[BlackFideId "1010697"]
[EventDate "2019.01.08"]

1. d4 Nf6 2. c4 e6 3. g3 d5 4. Bg2 Be7 5. Nf3 O-O 6. O-O dxc4 7. Ne5 Nc6 8. Bxc6
bxc6 9. Nxc6 Qe8 10. Nxe7+ Qxe7 11. Qc2 c5 12. Qxc4 cxd4 13. Qxd4 e5 14. Qh4 h6
15. Nc3 Bb7 16. e4 Rfd8 17. Be3 Qb4 18. Bxh6 Nxe4 19. Qg4 g6 20. Nxe4 Qxe4 21.
Qxe4 Bxe4 22. f3 Bd5 23. Kf2 Rac8 24. Rfc1 Rxc1 25. Rxc1 Bxa2 26. Ra1 Bd5 27.
Rxa7 Rb8 28. Bc1 Rc8 29. Ra5 1/2-1/2

[Event "PRO League Group Stage"]
[Site "chess.com INT"]
[Date "2019.02.28"]
[Round "8"]
[White "Pantsulaia, Levan"]
[Black "Andriasian, Zaven"]
[Result "1-0"]
[WhiteTitle "GM"]
[BlackTitle "GM"]
[WhiteElo "2597"]
[BlackElo "2604"]
[WhiteTeam "Tbilisi Gentlemen"]
[BlackTeam "Armenia Eagles"]
[WhiteFideId "13602071"]
[BlackFideId "13302000"]
[EventDate "2019.01.08"]

1. c4 e5 2. Nc3 Nc6 3. Nf3 Nf6 4. e4 Bb4 5. d3 O-O 6. a3 Bxc3+ 7. bxc3 h6 8. g3
d6 9. Bg2 Nh7 10. Nh4 Qf6 11. Rb1 Rb8 12. O-O g5 13. Nf5 Bxf5 14. exf5 Qxf5 15.
Be4 Qe6 16. f4 gxf4 17. gxf4 Kh8 18. Qh5 exf4 19. Bxf4 Ne5 20. Bxe5+ Qxe5 21.
Qxh6 f5 22. Bd5 Qxc3 23. Kh1 c6 24. Bg2 Qg7 25. Qxd6 Rbd8 26. Qc5 Rxd3 27. Qxa7
Rd7 28. Rf4 Re7 29. Qf2 Qe5 30. Rf1 Ref7 31. Re1 Qg7 32. a4 Rf6 33. c5 R6f7 34.
Rh4 Qc3 35. Rf4 Rg7 36. Rf1 Rfg8 37. Rg1 Qb3 38. Qd4 Qe6 39. Rgf1 Qf6 40. Qxf6
Nxf6 41. Rh4+ Nh7 42. Bh3 Rf8 43. Bxf5 Rff7 44. Rhf4 Rg5 45. h4 Rgg7 46. a5 Re7
47. Bd3 Re3 48. R1f3 Rxf3 49. Rxf3 Rg4 50. Rf7 Rxh4+ 51. Kg2 Ng5 52. Rxb7 Ne6
53. a6 Nxc5 54. a7 Ra4 55. Rh7+ Kg8 56. Bf5 Ra5 57. Rc7 Ra2+ 58. Kh3 Ra3+ 59.
Kg4 Ra4+ 60. Kh5 Ra5 61. Rc8+ Kg7 62. a8=Q 1-0

[Event "PRO League Group Stage"]
[Site "chess.com INT"]
[Date "2019.02.28"]
[Round "8"]
[White "Jobava, Baadur"]
[Black "Ter-Sahakyan, Samvel"]
[Result "0-1"]
[WhiteTitle "GM"]
[BlackTitle "GM"]
[WhiteElo "2629"]
[BlackElo "2574"]
[WhiteTeam "Tbilisi Gentlemen"]
[BlackTeam "Armenia Eagles"]
[WhiteFideId "13601520"]
[BlackFideId "13302531"]
[EventDate "2019.01.08"]

1. d4 Nf6 2. c4 e6 3. Nc3 Bb4 4. e3 b6 5. Be2 Bb7 6. Bf3 d5 7. cxd5 exd5 8. Ne2
O-O 9. O-O Re8 10. Bd2 Bd6 11. b4 Nc6 12. a3 Ne7 13. Ng3 Ng6 14. Qc2 Nh4 15. Be2
a6 16. f3 c5 17. bxc5 bxc5 18. Rfb1 Qc7 19. Kf2 Rac8 20. Qb2 Bxg3+ 21. hxg3 Nf5
22. f4 cxd4 23. exd4 Ba8 24. Qb6 Qe7 25. Re1 Rxc3 26. Bf3 Rc6 0-1

[Event "PRO League Group Stage"]
[Site "chess.com INT"]
[Date "2019.02.28"]
[Round "8"]
[White "Gabrielian, Artur"]
[Black "Volkov, Nika"]
[Result "1/2-1/2"]
[WhiteTitle "GM"]
[WhiteElo "2490"]
[BlackElo "2153"]
[WhiteTeam "Armenia Eagles"]
[BlackTeam "Tbilisi Gentlemen"]
[WhiteFideId "4131002"]
[BlackFideId "13604376"]
[EventDate "2019.01.08"]

1. e4 e6 2. d4 d5 3. Nd2 c5 4. exd5 exd5 5. Ngf3 Nc6 6. Bb5 Nf6 7. O-O Be7 8.
dxc5 Bxc5 9. Qe2+ Be6 10. Nb3 Bb6 11. Nbd4 Qd6 12. Nxe6 fxe6 13. Ng5 e5 14.
Bxc6+ bxc6 15. Bf4 Nd7 16. Nf3 O-O 17. Bg3 Rae8 18. c4 Qe6 19. cxd5 cxd5 20.
Rad1 e4 21. Nd4 Qf6 22. Qb5 Nc5 23. Nc2 a6 24. Qe2 Nd3 25. Ne3 Bxe3 26. fxe3 Qb6
27. Rxf8+ Rxf8 28. h3 d4 29. exd4 Qxd4+ 30. Kh2 h6 31. b3 Qd5 32. b4 Qf5 33. a4
h5 34. b5 axb5 35. axb5 Qxb5 36. Qxe4 Rd8 37. Qe6+ Kh8 38. Be5 Kh7 39. Qf5+ Kg8
40. Qe6+ Kh7 41. Bd6 Re8 42. Qf7 Re2 43. Bg3 h4 44. Bxh4 Qe5+ 45. Bg3 Rxg2+ 46.
Kxg2 Qe2+ 47. Bf2 Qxd1 48. Qf5+ Kh8 49. Qc8+ Kh7 50. Qf5+ Kg8 51. Qc8+ Kf7 52.
Qc4+ Kg6 53. Qe4+ Kf7 54. Qd5+ Kg6 55. Qe4+ Kf7 56. Qd5+ Kg6 57. Qe4+ Kf7 58.
Qd5+ Kg6 1/2-1/2

[Event "PRO League Group Stage"]
[Site "chess.com INT"]
[Date "2019.02.28"]
[Round "8"]
[White "Sargsyan, Anna M."]
[Black "Paichadze, Luka"]
[Result "0-1"]
[WhiteTitle "WFM"]
[BlackTitle "GM"]
[WhiteElo "2339"]
[BlackElo "2583"]
[WhiteTeam "Armenia Eagles"]
[BlackTeam "Tbilisi Gentlemen"]
[WhiteFideId "13308130"]
[BlackFideId "13602934"]
[EventDate "2019.01.08"]

1. d4 Nf6 2. Nf3 e6 3. c4 Bb4+ 4. Bd2 a5 5. g3 b6 6. Bg2 Bb7 7. O-O O-O 8. Bf4
Bd6 9. Bxd6 cxd6 10. Nc3 d5 11. Ne5 d6 12. Nd3 dxc4 13. Bxb7 Ra7 14. Bg2 cxd3
15. Qxd3 d5 16. Nb5 Rb7 17. Rac1 Na6 18. a3 Nc7 19. Rc6 Nxb5 20. Qxb5 h5 21. h4
Ng4 22. Bf3 g6 23. Rfc1 Nh6 24. Qa6 Qb8 25. e4 dxe4 26. Bxe4 Rd8 27. d5 exd5 28.
Bxd5 Kh7 29. Bg2 Ng4 30. Rxg6 Ra7 0-1

[Event "PRO League Group Stage"]
[Site "chess.com INT"]
[Date "2019.02.28"]
[Round "8"]
[White "Ghosh, Diptayan"]
[Black "Kryakvin, Dmitry"]
[Result "1/2-1/2"]
[WhiteTitle "GM"]
[BlackTitle "GM"]
[WhiteElo "2544"]
[BlackElo "2588"]
[WhiteTeam "Mumbai Movers"]
[BlackTeam "Moscow Phoenix"]
[WhiteFideId "5045207"]
[BlackFideId "4153278"]
[EventDate "2019.01.08"]

1. c4 c6 2. Nf3 Nf6 3. Nc3 d5 4. e3 e6 5. d4 Nbd7 6. Qc2 Bd6 7. Bd3 dxc4 8. Bxc4
O-O 9. O-O b5 10. Bd3 Bb7 11. e4 e5 12. h3 Re8 13. Be3 Rc8 14. Rad1 Qe7 15. dxe5
Nxe5 16. Nxe5 Bxe5 17. Ne2 c5 18. Bxb5 Bxe4 19. Qa4 Red8 20. Ba6 Rb8 21. Rxd8+
Rxd8 22. Nc3 Bxc3 23. bxc3 Nd5 24. Bxc5 Qxc5 25. Qxe4 Nxc3 26. Qc2 Rd6 27. Rc1
Rxa6 28. Qxc3 Qxc3 29. Rxc3 1/2-1/2